|
|
|
|
| LEADER |
00000cac a2200000 a 4500 |
| 001 |
71190 |
| 003 |
Ucuenca |
| 005 |
20231208062648.0 |
| 008 |
000000|1957 mx |||||r|||||||||||spa|| |
| 040 |
|
|
|b spa
|
| 041 |
0 |
|
|a spa
|
| 082 |
0 |
|
|a 937
|
| 100 |
1 |
|
|a Glotz, G.
|9 33339
|
| 245 |
|
3 |
|a La Ciudad Griega
|c G. Glotz; traducido por José Almoina
|h imp
|n tomo 15
|
| 264 |
|
|
|a México
|b UTEHA
|c 1957
|
| 300 |
|
|
|a 358 páginas:
|b ilu
|c 22.5 cm
|
| 490 |
|
|
|a La evolución de la humanidad. Síntesis colectiva
|
| 500 |
|
|
|a Con 16 láminas fuera de texto
|
| 650 |
1 |
|
|a Grecia
|9 9111
|
| 650 |
1 |
0 |
|a Historia
|9 94
|
| 852 |
|
|
|a UC-CDJBV
|f Compra
|l 1
|m General
|p 00000000
|t 71190
|b 0
|d CDRC
|e CDRC
|g 937 SALA 2 ARTES
|z 0000-00-00
|
| 942 |
|
|
|c CR
|2 ddc
|
| 999 |
|
|
|c 17609
|d 17609
|